000 00619 a2200181 4500
999 _c5585
_d5585
020 _a9783823615736
050 _aS544 HAN 2011
100 _aGerster-Bentaya, Maria
_eeditor
245 _aHandbook: Rural extension Volume 3 :
_btraining concepts and tools /
_cMaria Gerster-Bentaya & Volker Hoffmann
264 _aWeikersheim :
_bMargraf Publishers,
_c2011.
300 _a191p. :
_bill.
500 _aIncludes bibliographical references
650 _aRural extension.
650 _aRural development.
650 _aAgricultural extension work.
700 _aHoffmann, Volker
_eeditor
942 _2lcc
_cBK
_h544
_iHAN
_k2011